[Event "PUR-ch (Women)"]
[Site "Caguas"]
[Date "2006.04.02"]
[Round "8"]
[White "Rivera, Yanira"]
[Black "Oquendo Serrano, Chrissy Lynn"]
[Result "1-0"]
[WhiteElo "1329"]
[BlackElo "1473"]
[PlyCount "83"]
[EventDate "2006.03.18"]
[EventType "tourn"]
[EventRounds "8"]
[EventCountry "PUR"]
[SourceTitle "EXT 2008"]
[Source "ChessBase"]
[SourceDate "2007.11.25"]
[SourceVersion "1"]
[SourceVersionDate "2007.11.25"]
[SourceQuality "1"]

1. d4 d6 2. e4 g6 3. Nf3 Bg7 4. Be3 Nf6 5. Nc3 Nbd7 6. Qd2 Ng4 7. Bg5 h6 8. Bh4 0-0 9. Bd3 c6 10. h3 Ngf6 11. e5 dxe5 12. dxe5 Nc5 13. exf6 exf6 14. 0-0 Qb6 15. Rab1 Rd8 16. Qe2 Be6 17. Bc4 Bf5 18. b4 Nd7 19. g4 Re8 20. Qd2 Be6 21. Na4 Qc7 22. Bxe6 fxe6 23. Bg3 e5 24. Nh4 Rad8 25. Qe3 g5 26. Nf5 Bf8 27. Rfd1 Nb6 28. Nxb6 axb6 29. a4 Kh8 30. Rxd8 Rxd8 31. h4 c5 32. b5 Qf7 33. hxg5 hxg5 34. Kg2 Qd5+ 35. f3 Qd2+ 36. Qf2 Qc3 37. Rb3 Qa1 38. Qe2 Qc1 39. Rd3 Ra8 40. Rd1 Qa3 41. Rh1+ Kg8 42. Qc4# 1-0

[Event "PUR-ch (Women)"]
[Site "Caguas"]
[Date "2006.03.24"]
[Round "3"]
[White "Oquendo Serrano, Chrissy Lynn"]
[Black "Rivera, Yanira"]
[Result "1-0"]
[WhiteElo "1473"]
[BlackElo "1329"]
[PlyCount "74"]
[EventDate "2006.03.18"]
[EventType "tourn"]
[EventRounds "8"]
[EventCountry "PUR"]
[SourceTitle "EXT 2008"]
[Source "ChessBase"]
[SourceDate "2007.11.25"]
[SourceVersion "1"]
[SourceVersionDate "2007.11.25"]
[SourceQuality "1"]

1. e4 e6 2. d4 d5 3. Nd2 Nf6 4. e5 Nfd7 5. c3 c5 6. Bd3 Nc6 7. Ne2 Qb6 8. Nf3 Be7 9. 0-0 0-0 10. Nf4 g6 11. Bb1 Qc7 12. Be3 b6 13. a3 Ba6 14. Re1 Rac8 15. h4 Kg7 16. h5 Nd8 17. Qd2 Rg8 18. hxg6 fxg6 19. Nh3 Nf7 20. Nhg5 Nf8 21. Nxf7 Kxf7 22. Bh6 Qc6 23. Qf4+ Ke8 24. Ng5 Bxg5 25. Bxg5 Rg7 26. Bf6 Rf7 27. Qh6 cxd4 28. cxd4 Qc4 29. Qh4 Qb3 30. Ba2 Qxb2 31. Bxd5 exd5 32. e6 Nxe6 33. Rxe6+ Kd7 34. Rae1 Rc1 35. Qg4 Kc7 36. Qf4+ Kb7 37. Qxc1 Qxf2+ 1-0

[Event "PUR-ch (Women)"]
[Site "Caguas"]
[Date "2006.03.19"]
[Round "2"]
[White "Rivera, Yanira"]
[Black "Martinez, Natiska"]
[Result "1-0"]
[WhiteElo "1329"]
[BlackElo "1432"]
[PlyCount "79"]
[EventDate "2006.03.18"]
[EventType "tourn"]
[EventRounds "8"]
[EventCountry "PUR"]
[SourceTitle "EXT 2008"]
[Source "ChessBase"]
[SourceDate "2007.11.25"]
[SourceVersion "1"]
[SourceVersionDate "2007.11.25"]
[SourceQuality "1"]

1. Nf3 Nf6 2. c4 g6 3. g3 Bg7 4. Nc3 0-0 5. Bg2 d6 6. d3 e5 7. Bg5 h6 8. Bxf6 Bxf6 9. 0-0 c6 10. Rb1 a5 11. a3 Nd7 12. b4 Bg7 13. Nd2 Nf6 14. Qc2 Bd7 15. bxa5 Rxa5 16. Rxb7 Rxa3 17. Rfb1 Ra8 18. Nde4 Nxe4 19. Nxe4 Be6 20. Nc3 Qc8 21. R1b6 d5 22. Qb3 d4 23. Nb1 Bd7 24. Rxd7 Qxd7 25. Bxc6 Qc7 26. Bxa8 Rxa8 27. Rb7 Qa5 28. c5 Re8 29. Qb4 Qxb4 30. Rxb4 Rc8 31. Rc4 Rc6 32. Nd2 Bf8 33. Nb3 f6 34. e3 Kf7 35. exd4 exd4 36. Rxd4 Bxc5 37. Rc4 Bxf2+ 38. Kxf2 Rxc4 39. dxc4 Ke6 40. Ke3 1-0